| 000 | 00589nam a2200193 a 4500 | ||
|---|---|---|---|
| 005 | 20240924064328.0 | ||
| 008 | 991125s1973 eng 000 0 eng u | ||
| 020 | _a0877780390 | ||
| 035 | _aUPN01000007489 | ||
| 049 | _aCG | ||
| 050 | 4 |
_aLB1026 _bH3.3 |
|
| 100 | 1 | _aHavelock, Ronald G. | |
| 245 | 1 | 4 |
_aThe change agent's guide to innovation in education / _cRonald G. Havelock. |
| 260 |
_aEnglewood Cliffs, E.U.A. : _bEducational Technology, _c1973. |
||
| 300 |
_a279 p. : _bil. |
||
| 650 | 4 |
_aInnovaciones educativas _9386 |
|
| 650 | 4 |
_aEducación _xPlanificación _91146 |
|
| 905 | _aLibro | ||
| 999 |
_c7489 _d7489 |
||